01245nam a2200241 i 4500003000400000005001700004008004100021020003800062040002500100082001900125100002600144245007500170264004100245300005800286336002100344337002500365338002300390500006700413520037400480650004800854650005400902700004700956OSt20200618133251.0200618s2018 enka j| 000 0 eng d a9781911373650cRM123.36qhardback aPPAKbengcPPAKerda04223a327.1720921 aWinter, Ali,eauthor.10aPEACE AND ME /cText : Ali Winter ; Illustrations : Mickaël El Fathi 1aLondon :bLantana Publishing, c2018 a1 volume (unpaged) : bcolour illustrations ; c27 cm 2rdacontentatext 2rdamediaaunmediated 2rdacarrieravolume a"Inspired by the lives of Nobel Peace Prize Laureates"--Cover. aAn illustrated collection of inspirational ideas about peace based on the lives of Nobel Peace Prize Laureates of the 20th and 21st centuries. Includes: Jean Henry Dunant, Fridtjof Nansen, Jane Addams, John Boyd Orr of Brechin, Martin Luther King Jr., Mother Teresa, Desmond Tutu, Rigoberta Menchú Tum, Nelson Mandela, Shirin Ebadi, Wangari Maathai, Malala Yousafzai.10aPacifists vBiography xJuvenile literature20aNobel Prize winnersvHistoryxJuvenile literature1 aFathi, Mickaël el, d1982-eillustrator.